|
|
|
|
| LEADER |
00000naa0a2200000 4500 |
| 001 |
591201 |
| 005 |
20250103185335.0 |
| 035 |
|
|
|a (RuTPU)RU\TPU\tpu\1265
|
| 035 |
|
|
|a TPU00001265
|
| 090 |
|
|
|a 591201
|
| 100 |
|
|
|a 20011210d1912 k||y0rusy50 ca
|
| 101 |
0 |
|
|a rus
|
| 102 |
|
|
|a RU
|
| 200 |
1 |
|
|a О линейной скорости кристаллизации в капиллярах
|f К. П. Гринаковский
|
| 461 |
|
|
|t Журнал Русского физико-химического общества. Часть химическая
|
| 463 |
|
|
|t Т. 44
|v С. 788-801
|d 1912
|
| 610 |
1 |
|
|a химические науки
|
| 610 |
1 |
|
|a труды учёных ТПУ
|
| 700 |
|
1 |
|a Гринаковский
|b К. П.
|
| 801 |
|
0 |
|a RU
|b 63413507
|c 20011210
|g PSBO
|
| 801 |
|
2 |
|a RU
|b 63413507
|c 20051102
|g PSBO
|
| 942 |
|
|
|c CR
|